| 000 | 00666nam a2200205 a 4500 | ||
|---|---|---|---|
| 005 | 20140310183558.0 | ||
| 008 | 111119s19uu xx 00 eng d | ||
| 020 | _a9780789742216 | ||
| 050 |
_aQA 76.76.O63 _b.T945 2010 |
||
| 100 | _aTymes, Elna | ||
| 245 |
_aSwitching to microsoft windows 7 : _bthe painless way to upgrade from windows XP or vista / _cEla Tymes, Charles Prael. |
||
| 260 |
_aIndiana, USA : _bQue Publishing, _c2010. |
||
| 300 |
_a236 p. : _b ill. ; _c23 cm. |
||
| 521 | _aIT | ||
| 650 | _aMicrosoft Windows (Computer file) | ||
| 650 | _aOperating systems (Computers) | ||
| 700 | _aPrael, Charles | ||
| 942 |
_cBK _2lcc _kFOR |
||
| 999 |
_c25059 _d25059 |
||